[Event "Gibraltar Masters 10th"]
[Site "Caleta"]
[Date "2012.01.31"]
[Round "8"]
[White "Karim, Ismael"]
[Black "Gupta, Abhijeet"]
[Result "0-1"]
[WhiteElo "2405"]
[BlackElo "2652"]
[Annotator "Let's Check"]
[PlyCount "106"]
[EventDate "2012.01.24"]
[EventType "swiss"]
[EventRounds "10"]
[EventCountry "GGB"]
[SourceTitle "CBM 147"]
[Source "ChessBase"]
[SourceDate "2012.03.16"]
[SourceVersion "1"]
[SourceVersionDate "2012.03.16"]
[SourceQuality "1"]

1. e4 e5 2. Nf3 Nc6 3. Bc4 Nf6 4. d4 exd4 5. e5 d5 6. Bb5 Ne4 7. Nxd4 Bc5 8.
Be3 Bd7 9. Bxc6 bxc6 10. O-O O-O 11. Nc3 Qe7 12. Re1 Bb6 13. a4 a5 14. Nxe4
dxe4 15. Nb3 Rad8 16. Bxb6 cxb6 17. Qd4 c5 18. Qxe4 Qe6 19. Qe3 Bc6 20. Nd2 Rd4
21. Nf3 Qg6 22. Rad1 Rfd8 23. Rxd4 Rxd4 24. b3 Rg4 25. g3 Qxc2 $2 (25... h5 26.
c4 h4 $11) 26. e6 $18 f5 27. Qe5 h6 28. e7 $2 (28. Qc7 Bxf3 29. Qc8+ $18) 28...
Re4 $16 29. Rxe4 Qxe4 30. Qxe4 fxe4 31. Ne5 Be8 32. Nc4 Kf7 33. Nxb6 Kxe7 34.
Nc4 Ke6 35. Kf1 Kd5 36. Ke2 Kd4 37. Nxa5 Kc3 38. Nb7 Kb4 39. a5 Bc6 40. Nd8 Bd5
41. a6 Kxb3 42. a7 c4 43. Ne6 c3 44. Nd4+ Kb2 45. Kd1 g5 46. h4 g4 47. h5 Bb7
48. Nc2 $2 (48. Ne2 e3 49. fxe3 $11) 48... e3 $19 49. Nxe3 Bf3+ 50. Ke1 c2 51.
Nxc2 Kxc2 52. a8=Q Bxa8 53. f3 Bxf3 0-1

[Event "RUS-chT 11th"]
[Site "Sochi"]
[Date "2004.04.25"]
[Round "6.3"]
[White "Frolov, Denis"]
[Black "Onischuk, Alexander"]
[Result "1/2-1/2"]
[WhiteElo "2401"]
[BlackElo "2652"]
[Annotator "Lukacs,P"]
[PlyCount "52"]
[EventDate "2004.04.20"]
[EventType "team-tourn"]
[EventRounds "9"]
[EventCountry "RUS"]
[SourceTitle "EXT 2020"]
[Source "ChessBase"]
[SourceDate "2019.10.17"]
[SourceVersion "1"]
[SourceVersionDate "2019.10.17"]
[SourceQuality "1"]
[WhiteTeam "Tomsk Siberian Athens-Neftekhim"]
[BlackTeam "Norilsk Norilsky Nikel"]
[WhiteTeamCountry "RUS"]
[BlackTeamCountry "RUS"]

1. e4 e5 2. Nf3 Nc6 3. d4 exd4 4. Bc4 Nf6 5. O-O Nxe4 6. Re1 d5 7. Bxd5 Qxd5 8.
Nc3 {This old line is a rare guest in nowaday's top chess.} Qh5 (8... Qa5 {
is the safe main line with equal chances.}) 9. Nxe4 Be6 10. Bg5 Be7 $6 (10...
Bd6 $142 {allows White to corrupt Black's P structure, but there are real
drawish tendecies due to the ^-.} 11. Nxd6+ (11. Bf6 $2 {backfires after} Bxh2+
$3 12. Nxh2 Qxd1 13. Raxd1 gxf6 14. Nxf6+ Kf8 $1 15. Nf3 Rd8 $17 {and Black
has a safe extra P, Karaklajic-Sanja Jovanovic, Palic 1996.}) (11. h4 $2 h6 12.
Bf6 $2 O-O {and White has no chance to capture the Q.} 13. Nxd6 cxd6 14. Bxd4
Bg4 15. Bc3 d5 $17 {Rossiter-Wells, Eastbourne 1991}) 11... cxd6 12. Bf4 Qd5
13. c3 Rc8 (13... Kd7 14. Qa4 b5 15. Qa6 Rhb8 {The K in the middle is
surprisingly safe now.} 16. Nxd4 Nxd4 17. cxd4 g5 18. Bd2 h5 19. Rac1 h4 $13 {
Wirschell-Hector, Berlin 1993}) 14. Nxd4 Nxd4 15. Qxd4 Qxd4 16. cxd4 Kd7 $11 {
Fette-Sermek, Kecskemet 1992}) 11. Bxe7 Kxe7 {The K is in the middle again,
but what a difference!} (11... Nxe7 12. Nxd4 Bg4 (12... Qg6 13. Nxe6 Qxe6 14.
Nc5 Qc6 15. Qd4 {and the K cannot escape.} b6 16. Na6 Rd8 17. Rxe7+ Kxe7 18.
Re1+ $18 {Pingitzer-Sorsak, Stockerau 1993}) (12... Qxd1 13. Rexd1 O-O-O 14.
Nxe6 fxe6 15. Ng5 $16 {and the weak e6 P will soon fall, Dusek-Prokes, Mlada
Boleslav 1913.}) 13. f3 Bd7 14. Qd2 O-O 15. Nf6+ gxf6 16. Rxe7 $16 {
Chigorin-Janowski, Paris 1900}) 12. Nxd4 (12. Neg5 $142 {was simply more to
the point attacking the K in the middle right now.} Rhe8 13. Nxe6 fxe6 14. Nxd4
(14. Rxe6+ Kf8 15. Rxe8+ Rxe8 16. Qd3 $14 {R.Mueller-Oberling, Germany 1993})
14... Qxd1 15. Nxc6+ bxc6 16. Raxd1 $16 {and Black's pawns are in four islands,
which can be very annoying even in a R _|_, Sammour-Elizondo, Kissimmee 1997.})
12... Qxd1 13. Nxc6+ bxc6 14. Raxd1 {Certainly this _|_ is also favourable for
White, because his N will be excellent on c5.} Rhd8 15. Rxd8 $6 {There is no
need to give up the d <->.} ({The simple} 15. Nc5 $14 {was still better.})
15... Rxd8 16. f3 {/\ Kf2, but the whole idea is slow.} (16. Ng5 {This allows
the activization of the enemy R.} Rd2 17. Nxe6 fxe6 18. Rc1 Rd5 19. Kf1 Rb5 20.
b3 Rd5 21. g3 c5 22. Ke2 c4 {Black wants to corrupt White's P structure.} 23.
bxc4 Rd4 24. c3 Rxc4 25. Kd3 Rc5 $11 {Dubansky-R.Pribyl, Czechia 1997}) 16...
c5 $1 {/\ c4 in order to get rid of the weak P.} 17. Kf2 Rb8 18. b3 c4 19. Nc5
Rb5 20. Nxe6 fxe6 21. Re4 cxb3 22. axb3 Rc5 23. Re2 Kd6 {Black's pieces are
active enough to compensate the weak pawns.} 24. f4 Rf5 25. Ke3 e5 26. Rd2+ Ke6
1/2-1/2

[Event "Dubai op 6th"]
[Site "Dubai"]
[Date "2004.04.22"]
[Round "4"]
[White "Wong, Zi Jing"]
[Black "Kuzmin, Alexey"]
[Result "0-1"]
[WhiteElo "2339"]
[BlackElo "2567"]
[Annotator "Lukacs,P"]
[PlyCount "53"]
[EventDate "2004.04.19"]
[EventType "swiss"]
[EventRounds "9"]
[EventCountry "UAE"]
[SourceTitle "CBM 101"]
[Source "ChessBase"]
[SourceDate "2004.07.27"]
[SourceVersion "1"]
[SourceVersionDate "2004.07.27"]
[SourceQuality "1"]

1. e4 e5 2. Nf3 Nc6 3. Bc4 Nf6 4. d4 exd4 5. e5 Ne4 (5... d5 {is the old main
line.}) 6. Qe2 Nc5 7. c3 {Making a real gambit in the spirit of the "old days".
} (7. O-O Ne6 (7... Be7 8. Rd1 Ne6 {Black wants to hold the P, or get the ^^
for it.} (8... d5 9. exd6 Qxd6 10. b4 {White has to play energetically,
otherwise Black will finish his development.} (10. Nc3 O-O 11. Nb5 Qg6 12. Nxc7
Bh3 13. g3 Rad8 $132) 10... d3 $1 11. cxd3 Nxb4 12. d4 Nd7 (12... Be6 $2 {
loses material after} 13. dxc5 Bxc4 14. cxd6 Bxe2 15. Re1 $16 {
Tzermiadianos-Cela, Ikaros/Thessaloniki 1997}) 13. Re1 {and Black cannot
castle!} Nb6 14. Bf4 Qd8 15. Bg5 $44 {Nogueiras-Mikhalchishin, WchT U26 Mexiko
1977}) (8... O-O 9. Nxd4 d5 10. Nb5 Be6 11. Bxd5 Bxd5 12. N1c3 a6 13. Rxd5 Qc8
14. Nd6 $1 $14 {Sax-Gligoric, Ljubljana/Portoroz 1977}) 9. Bxe6 dxe6 $13 {
- 7...Ne6} (9... fxe6 10. Nxd4 Nxd4 11. Rxd4 O-O 12. Nc3 d5 13. exd6 cxd6 $13 (
13... Bxd6 {leaves a weak isolated e P.} 14. Be3 e5 15. Rd2 $14 {V.
Gurevich-Jonkman, BL2-West 2002}))) 8. c3 (8. Rd1 d5 $1 (8... Be7 {- 7...Be7})
9. Bb5 (9. Bb3 Bc5 {Black holds his extra P with a quick development.} 10. c3
O-O 11. cxd4 Ncxd4 12. Nxd4 Nxd4 13. Rxd4 Bxd4 14. Qd3 Bxf2+ $17 {M.
Voigt-Mikhalchishin, Dortmund 1992}) 9... Bc5 10. c3 Bd7 11. Bxc6 Bxc6 12. cxd4
Bb6 {^^} 13. Nc3 O-O $13 {Mikhalchishin}) (8. Bxe6 dxe6 9. Rd1 {The maximum
White can get is the material equality, but Black's ^^ will be dangerous.} Be7
(9... Bc5 $5 10. Nc3 (10. b4 {is overoptimistic.} Bxb4 11. c3 Bc5 12. cxd4 Be7
13. Nc3 Nb4 $15 {Kotronias-mikhalchishin, Lvov 1988}) 10... O-O 11. Ne4 $44)
10. Be3 (10. c3 O-O 11. Nxd4 Nxd4 12. Rxd4 Qe8 {and White's space advantage
can probably compensate the strong ^^.} 13. Nd2 Kh8 14. Nf3 Bd7 15. Ng5 Bc6 16.
Bf4 Bxg5 17. Bxg5 f5 $11 {Schandorff-Nielsen, Danmark 1994}) 10... O-O (10...
Bd7 11. Bxd4 Nxd4 12. Nxd4 O-O 13. Nc3 c5 14. Ndb5 a6 15. Nd6 {The N on d6 is
very strong.} Qc7 16. Nce4 Bc6 $1 {(And.Tzermiadianos-Gligoric, Panormo 1998)}
17. Rd3 $1 Bxe4 18. Qxe4 Bxd6 19. exd6 Qd7 $14 {And.Tzermiadianos}) 11. Nxd4
Qd5 $11 {Haag-L.Lengyel, HUN-ch 1964}) 8... d5 $1 9. Bb5 dxc3 10. Nxc3 d4 (
10... a6 $5) 11. Rd1 $44 (11. Ne4 Be7 12. Bd2 O-O $13 {D.Olafsson-Finegold,
Reykjavik op 1990})) (7. Ng5 $5 Ne6 8. Nxe6 (8. Qh5 g6 $17) 8... fxe6 $5 (8...
dxe6 9. Bf4 d3 10. Qxd3 Qxd3 11. Bxd3 Bd7 {Lazic-Blagojevic, Beograd GMA op
1988} 12. a3 $14) 9. O-O Bc5 $13 {firmly holding the d P.}) 7... d3 $142 $1 {
[%mdl 8] Black gives back the material, but the c3 P hinders White's
development.} (7... dxc3 8. Nxc3 Be7 (8... Ne6 9. O-O $44) {The aggressive} 9.
Nd5 $5 {deserves attention, for example:} (9. Be3 O-O (9... Ne6 10. O-O-O O-O {
- 9...0-0}) 10. O-O-O {Castling to the opposite side helps White to use his
big lead of development.} Ne6 11. Ne4 Qe8 (11... d6 12. h4 {White has to
attack on the >>.} Re8 13. h5 $44) 12. h4 d6 $1 {Black is happy to give back
the P in order to finish his development.} 13. exd6 cxd6 14. Nxd6 {missing the
effective intermediate move} Ned4 $1 (14... Bxd6 15. Rxd6 {Black has still
problems with the development of his <<.} Na5 16. Bd3 Qa4 17. Kb1 Nf4 18. Qc2 (
18. Bxf4 Qxf4 19. Rd4 Qc7 20. Qe4 $16 {was the other way centralizing the
better developed pieces.}) 18... Qxc2+ 19. Bxc2 Ne6 (19... Nxg2 $2 {founders on
} 20. Bc1 b6 21. Be4 Bb7 22. Bxb7 Nxb7 23. Rd4 $18) 20. b3 $16 {Now White's
strong ^^ controls the battlefield, and Black's pieces still lack any
development, Nakamura-Fressinet, Wijk aan Zee 2004 CBM 99.}) 15. Nxd4 (15. Nxe8
Nxe2+ 16. Bxe2 Rxe8 $11) (15. Bxd4 Bxd6 16. Qxe8 Rxe8 17. Be3 Bc7 $11) 15...
Bxd6 16. Nb5 (16. Nf3 Qe7 17. h5 h6) 16... Be5 17. Rhe1 a6 $11) 9... O-O 10. b4
Ne6 11. b5 $36) (7... Ne6 {is the other way, but White's advantage of
development will be the same.} 8. cxd4 Nexd4 (8... d5 $6 9. exd6 $16) 9. Nxd4
Nxd4 10. Qe4 Ne6 11. O-O $44) 8. Qe3 (8. Bxd3 Nxd3+ 9. Qxd3 d6 $13 {finishing
the development with a ^^.}) 8... Ne6 (8... Be7 9. b4 Ne6 10. b5 Bc5 11. Qe4
Ne7 12. O-O (12. Bxd3 d5 $13 {Mah-Vigus, Smith Williamson 2001}) 12... O-O (
12... d5 13. exd6 Qxd6 14. Nbd2 $14) 13. Re1 d5 14. exd6 cxd6 15. Bxd3 Ng6 $13
{and Black has a stronghold on c5 forever.}) (8... Na5 9. Bxd3 Nxd3+ 10. Qxd3
d6 11. O-O Nc6 $11 {and if Black can castle >>, he can be even better.}) 9.
Nbd2 (9. O-O d5 10. exd6 Bxd6 $11) 9... d5 10. exd6 Bxd6 11. O-O O-O {Black
will successfully finish his development.} 12. Ne4 (12. Qxd3 Nc5 $11) (12. Bxd3
Nc5 13. Bc2 Re8 $11) 12... Bf4 13. Qxd3 Qxd3 14. Bxd3 Bxc1 15. Rfxc1 Nf4 16.
Bc4 Bg4 17. Nd4 (17. Ned2 Rad8 $11) 17... Ne5 $15 {The black pieces are more
active, White has to play carefully.} 18. Bf1 Rad8 19. f3 Bh5 20. Re1 Rfe8 21.
Rad1 Bg6 22. b3 $2 {[#] This is a serious tactical blunder!} (22. Kf2 $11 {
was still enough for equality.}) 22... Nh3+ $1 23. gxh3 Rxd4 $1 24. Rxd4 $2 {
White loses his head completely.} (24. cxd4 Nxf3+ 25. Kf2 Nxe1 26. Nc5 $1 Nc2
27. Nxb7 Re6 28. Bg2 $15 {was still not losing.}) 24... Nxf3+ 25. Kf2 Nxe1 26.
Kxe1 $2 (26. Nc5 $1 b6 $17) 26... Bxe4 27. Kd2 {and White was lost, but gave
up too early.} 0-1

[Event "USA-ch"]
[Site "San Diego"]
[Date "2004.11.29"]
[Round "5"]
[White "Friedel, Joshua E"]
[Black "Onischuk, Alexander"]
[Result "0-1"]
[WhiteElo "2436"]
[BlackElo "2653"]
[Annotator "Lukacs,P"]
[PlyCount "118"]
[EventDate "2004.11.24"]
[EventType "swiss"]
[EventRounds "9"]
[EventCountry "USA"]
[SourceTitle "CBM 105"]
[Source "ChessBase"]
[SourceDate "2005.04.11"]
[SourceVersion "1"]
[SourceVersionDate "2005.04.11"]
[SourceQuality "1"]

1. e4 e5 2. Nf3 Nc6 3. d4 exd4 4. Bc4 Nf6 5. O-O Nxe4 6. Re1 d5 7. Bxd5 Qxd5 8.
Nc3 {This old variation is out of fashion these days, and not without reason.}
Qh5 (8... Qa5 {is the old main line with level chances.}) 9. Nxe4 Be6 10. Bg5
Bd6 (10... Be7 $6 {- Frolov-Onischuk, Sochi 2004 CBM 101}) 11. c4 $5 {Even
this try cannot yield White anything real.} (11. h4 $2 {looks very ugly.} h6
12. Bf6 $2 O-O {and White has no chance to capture the Q.} 13. Nxd6 cxd6 14.
Bxd4 Bg4 15. Bc3 d5 $17 {Rossiter-Wells, Eastbourne 1991}) (11. Bf6 $2 {
backfires after} Bxh2+ $3 12. Nxh2 Qxd1 13. Raxd1 gxf6 14. Nxf6+ Kf8 $1 15. Nf3
Rd8 $17 {and Black has a safe extra P, Karaklajic-Sanja Jovanovic, Palic 1996.}
) (11. Nxd6+ cxd6 12. Bf4 Qd5 13. c3 Rc8 (13... Kd7 14. Qa4 b5 15. Qa6 Rhb8 {
The K in the middle is surprisingly safe now.} 16. Nxd4 Nxd4 17. cxd4 g5 18.
Bd2 h5 19. Rac1 h4 $13 {Wirschell-Hector, Berlin 1993}) 14. Nxd4 Nxd4 15. Qxd4
Qxd4 16. cxd4 Kd7 $11 {and the _|_ is totally drawish in view of the ^-,
Fette-Sermek, Kecskemet 1992.}) 11... O-O (11... Bb4 12. Nxd4 Qxd1 13. Rexd1
Nxd4 14. Rxd4 Be7 (14... h6 15. c5 $14) 15. Rad1 c5 (15... f6 16. Bf4) 16. R4d2
f6 17. Bf4 O-O (17... Bxc4 $5 18. Bd6 b6 19. Re1 Kf7 20. Bxe7 Kxe7 21. Nxc5+
Kf7) 18. Bd6 Rfe8 19. Nxc5 Bxc4 20. Nxb7 $14 {Kallgren-Wedberg, Rilton Cup 1994
}) (11... dxc3 12. Nxd6+ cxd6 13. Qxd6 $36) (11... h6 12. Nxd6+ cxd6 13. Bf4
Qc5 $5 (13... O-O 14. Nxd4 Qxd1 15. Rexd1 Bxc4 16. Nf5 d5 (16... Be6 17. Nxd6
Rfd8 18. Nxb7 Rxd1+ 19. Rxd1 Bxa2 $11 {with a dead draw, Simonovic-Petronic,
Ulcinj 1998.}) 17. b3 Ba6 18. Rxd5 Rfd8 $11) 14. Nd2 O-O $13) 12. c5 Be5 (12...
Be7 $6 13. Bxe7 Nxe7 14. Nxd4 $14) 13. Nxe5 Qxd1 14. Raxd1 Nxe5 15. Rxd4 Nc6
$142 {This is the safest defence, White has no advantage at all.} (15... f6 16.
Bf4 Bxa2 17. Nc3 Bf7 18. Bxe5 fxe5 19. Rd7 $142 (19. Rxe5 Rae8 $11 {
Sveshnikov-Bezgodov, St Petersburg op 1994}) 19... c6 20. Rxe5 b6 21. h3 $14 {
and White's R on the seventh rank is impressive.}) (15... Bxa2 16. Nc3 Nc6 17.
Rd7 {This penetration on the 7-th rank is the main threat.} Rae8 18. Rxe8 Rxe8
19. f3 Bc4 20. Rxc7 $14 {Chekhov}) 16. Rd3 (16. Ra4 {is not a big deal either.}
Rfe8 17. Bf4 Bd5 18. Re3 b5 19. cxb6 cxb6 20. Nc3 Be6 $11 {Comp Deep
Junior-Smirin, Kasparovchess.com 2002}) 16... Rfe8 (16... Bxa2 17. Bf4 f5 18.
Nc3 Bc4 19. Rd7 Rf7 $11 {defending the 7-th rank leads to equality as well.})
17. a3 (17. Bf4 f5 (17... Bxa2 18. Rde3) 18. Nc3 Bxa2 $11) 17... Bf5 18. f3 f6
(18... Bxe4 19. Rxe4 Rxe4 20. fxe4 Re8 21. Bf4 Rxe4 22. Bxc7 $14 {gives White
the better chances because of his good B and << P majority.}) 19. Bf4 Re7 (
19... Bxe4 20. Rxe4 Rxe4 21. fxe4 $14) 20. b4 Rae8 {[#]} (20... a6 21. Rde3 $14
) 21. Bxc7 $1 {White gets two pawns and a R for two pieces, which is not a bad
business at all!} (21. b5 Bxe4 22. Rxe4 Rxe4 23. fxe4 Ne5 $11) (21. Rde3 Bxe4
22. Rxe4 Rxe4 23. Rxe4 Rxe4 24. fxe4 Ne5 $11) 21... Rxc7 (21... Bxe4 22. Rxe4
$16) 22. Nxf6+ gxf6 23. Rxe8+ Kf7 24. Rde3 $14 Rd7 25. g4 Bc2 26. Rc8 {This is
not necessary at all.} (26. h4 f5 (26... Rd2 27. b5 $16) 27. Kf2 $14 {
improving the K's position looked better.}) 26... Ne7 27. Ra8 a6 28. Kf2 f5 29.
Re2 $2 {This blunders the vital g P.} (29. gxf5 $14) 29... Bd1 $1 30. Re1 fxg4
31. fxg4 Bxg4 {Now the situation has been changed and it is Black who tries to
win the _|_.} 32. a4 (32. Rh8 Bf5 $15) 32... Rd4 33. b5 {White pushes it too
hard.} (33. Rb1 Rf4+ 34. Kg3 Rd4 $15) 33... Rxa4 34. c6 bxc6 35. Ra7 (35. bxa6
Be6) 35... Be6 36. Rxa6 (36. bxa6 Kf6) 36... Rf4+ 37. Kg3 Rg4+ 38. Kf2 Rc4 39.
bxc6 (39. b6 Rb4 $19) 39... Nxc6 {This is a theoretical _|_ with good
practical chances for Black. Note that the B has the right colour regarding
the h P!} 40. Raa1 Rh4 41. Kg3 Rg4+ 42. Kf2 Bf5 43. Re3 {Exchanging the rooks
would be a relief for White!} Rh4 44. Kg3 Rg4+ 45. Kf2 Kf6 46. Ra8 $2 (46. Ra6)
46... Nd4 47. Ra6+ Ne6 48. Rf3 Rc4 49. Re3 h5 50. h3 $6 (50. Rd6) 50... h4 51.
Rb6 Be4 52. Ra3 Bd5 53. Rd3 Ke5 54. Re3+ Be4 55. Ra3 Rc2+ 56. Kg1 Nd4 57. Ra5+
Kf4 58. Ra3 Nf3+ 59. Kf1 Kg3 0-1

[Event "Carlos Torre Wimbledon 17th"]
[Site "Merida"]
[Date "2004.12.17"]
[Round "1.1"]
[White "Martin Del Campo C, Roberto"]
[Black "Graf, Alexander"]
[Result "0-1"]
[WhiteElo "2404"]
[BlackElo "2646"]
[Annotator "Lukacs,P"]
[PlyCount "44"]
[EventDate "2004.12.13"]
[EventType "k.o."]
[EventRounds "4"]
[EventCountry "MEX"]
[SourceTitle "CBM 105"]
[Source "ChessBase"]
[SourceDate "2005.04.11"]
[SourceVersion "1"]
[SourceVersionDate "2005.04.11"]
[SourceQuality "1"]

1. e4 e5 2. Nf3 Nc6 3. Bc4 Nf6 4. d4 exd4 5. e5 d5 6. Bb5 Ne4 7. Nxd4 Bc5 8.
Be3 O-O {This sacrifice is very interesting, but also rather risky.} (8... Bd7
$142 {is the main line.}) 9. Nxc6 bxc6 10. Bxc5 Nxc5 11. Bxc6 Ba6 {[#] Black
hinders White's castles >>.} (11... Rb8 {is the alternative.} 12. Qxd5 Qe7 13.
O-O Rxb2 14. Nc3 $5 (14. Na3) 14... Ba6 15. Rfc1 Rd8 16. Qf3 Ne6 $5 (16... Qxe5
$6 {wins back the P, but loses the |^.} 17. Bd5 $16 {Ye-Svidler, China-Russia
2001}) 17. Qg3 $14) 12. Qxd5 $2 {Now White's position falls apart, his K in
the [+] is very vulnerable.} (12. Nd2 $2 Rb8 $17 {with more than enough
compensation for the P.}) (12. Bxa8 $2 {is also met by the devastating} Qg5 $1
$17) (12. Nc3 $1 {is the critical move for the evaluation of the whole line.}
d4 $1 (12... Rb8 13. Qxd5 Qxd5 14. Bxd5 Rxb2 15. O-O-O Rb4 16. Rhe1 {and Black
has no real compensation for the P.} Rfb8 17. Bb3 Bb7 18. Nd5 Rh4 19. h3 a5 20.
g3 $1 $16 {Estrin-Gurvich, SU 1972}) (12... Qg5 13. Qd4 $1 Rab8 (13... Ne6 14.
Qe3 $18 {Erenburg-Grinshpun, Tel Aviv 1998}) 14. Qxc5 Qxe5+ 15. Qe3 $16) 13.
Bxa8 {White has to take up the gauntlet!} (13. Ne4 $2 Nxe4 14. Bxe4 Rb8 15. b3
Re8 $1 $15 (15... Rb5 $2 {allows White to bring his K into safety.} 16. O-O (
16. f4 $2 Rxe5 17. fxe5 Qh4+ $19) 16... Rxe5 17. Bd3 Bb7 $15 {
Sapundzhiev-Jovcic, corr 1970})) (13. Nd5 $5 Bb7 (13... Ne6 $2 14. Qg4 (14.
Bxa8 Qxa8 15. Qf3 Bb7 16. Ne7+ Kh8 $44) 14... Rb8 15. O-O-O Bb5 16. Nf6+ $1 (
16. Nb4 Qe7 17. Nd5 Qd8 {with repetition of moves.} (17... Qc5 $6 18. b4 $1 {
This is a very important intermediate move.} ({Immediately} 18. Nf6+ Kh8 19.
Qf5 g6 20. Qh3 {founders on} Ng5 $1 21. Qg3 Bxc6 {0-1 Magem Badals-Braga, Leon
1990}) 18... Qc4 19. Nf6+ Kh8 20. Qf5 g6 21. Qh3 Ng5 (21... h5 22. Nxh5 gxh5
23. Qxh5+ Kg8 24. Be4 Rfe8 25. Qh6 Nf8 26. Qg5+ Ng6 (26... Kh8 27. Rd3) 27.
Bxg6 fxg6 28. Qxg6+ Kf8 29. Qh6+ Kg8 30. Rd3 $18) 22. Bxb5 {Here is the
difference!} Rxb5 23. Qb3 $16)) 16... Kh8 17. Be4 (17. Qf5 gxf6 18. Be4 {
- 17.Be4}) 17... gxf6 18. Qf5 Ng5 19. Rxd4 Qxd4 20. Qxf6+ Kg8 21. Qxg5+ Kh8 22.
Qf5 {White can continue the fight liquidating to a slightly better _|_.} (22.
Qf6+ $11) 22... Qxb2+ 23. Kxb2 Bd7+ 24. Kc3 Bxf5 25. Bxf5 $14)) 13... dxc3 (
13... Qxa8 14. Qxd4 Rd8 15. Qh4 (15. Qg4 h5 16. Qf3 (16. Qh4) 16... Qb8 17. Rd1
Re8 (17... Rxd1+ 18. Nxd1 Qb4+ 19. Qc3 Qg4 20. f3 Qxg2 21. Nf2 $18 {Van
Tonder-Kobese, RSA-ch 2003}) 18. Qe3 f6 19. f4 Ne6 20. f5 Ng5 21. e6 $16 {
Van Tonder-Kobese, Cape Town 2002}) 15... Ne6 16. Rd1 Rb8 17. Qe4 (17. Nd5)
17... Bb7 18. Qf5 Bxg2 19. Rd7 Rf8 20. Rg1 g6 21. Qf6 $18 {Hmadi-Mitkov,
Djerba op 1998}) 14. Qxd8 Rxd8 15. b4 $1 Ne6 16. Bc6 $16 {Maciejewski-Bielczyk,
Poland 1974}) 12... Qg5 $1 $19 13. f4 (13. Bxa8 Qc1+ 14. Qd1 Qxb2 15. f4 Rxa8
$1 {White's all pieces are undeveloped!} (15... Qxa1 16. Bd5 Qb2 17. Kf2 Ne6 $1
18. Bxe6 fxe6 $17 {Karaklajic-Trajkovic, YUG 1968}) 16. Kf2 (16. Nd2 Rd8 $19)
16... Ne6 $1 17. f5 Rd8 $19 {Trajkovic}) 13... Qxf4 14. Qxc5 Qc1+ 15. Kf2 Qxh1
16. Bxa8 Rxa8 {and White cannot finish his development anymore.} 17. Qc6 (17.
Qe3 Bb7 $19) (17. Qb4 Qf1+ 18. Kg3 Re8 $19) 17... Qf1+ 18. Kg3 Rd8 19. Qxc7
Qe1+ 20. Kh3 Bc8+ 21. g4 Qe3+ 22. Kg2 Qd4 0-1